The Wiley Dictionary of Civil Engineering and Construction / (Record no. 16159)
[ view plain ]
| 000 -LEADER | |
|---|---|
| fixed length control field | 01588cam a2200361 a 4500 |
| 001 - CONTROL NUMBER | |
| control field | 3068930 |
| 005 - DATE AND TIME OF LATEST TRANSACTION | |
| control field | 20040621185455.0 |
| 008 - FIXED-LENGTH DATA ELEMENTS--GENERAL INFORMATION | |
| fixed length control field | 970221s1997 nyu d 001 0 eng |
| 010 ## - LIBRARY OF CONGRESS CONTROL NUMBER | |
| LC control number | 97001237 |
| 020 ## - INTERNATIONAL STANDARD BOOK NUMBER | |
| International Standard Book Number | 0471181153 (pbk. : alk. paper) |
| 020 ## - INTERNATIONAL STANDARD BOOK NUMBER | |
| International Standard Book Number | 9780471181156 (pbk. : alk. paper) |
| 040 ## - CATALOGING SOURCE | |
| Original cataloging agency | DLC |
| Transcribing agency | DLC |
| Modifying agency | DLC |
| 050 00 - LIBRARY OF CONGRESS CALL NUMBER | |
| Classification number | TA9 |
| Item number | .W44 1997 |
| 082 00 - DEWEY DECIMAL CLASSIFICATION NUMBER | |
| Classification number | 624.03 |
| Edition number | 22 |
| Item number | WIL |
| 100 1# - MAIN ENTRY--PERSONAL NAME | |
| Personal name | Webster, L. F. |
| Fuller form of name | (Len F.), |
| Dates associated with a name | 1929- |
| 9 (RLIN) | 27599 |
| 245 14 - TITLE STATEMENT | |
| Title | The Wiley Dictionary of Civil Engineering and Construction / |
| Statement of responsibility, etc | Compiled and Edited by L.F. Webster. |
| 246 30 - VARYING FORM OF TITLE | |
| Title proper/short title | Dictionary of civil engineering and construction |
| 260 ## - PUBLICATION, DISTRIBUTION, ETC. (IMPRINT) | |
| Place of publication, distribution, etc | New York : |
| Name of publisher, distributor, etc | Wiley, 1997 |
| Date of publication, distribution, etc | c1997. |
| 300 ## - PHYSICAL DESCRIPTION | |
| Extent | xi, 666 p. ; |
| Dimensions | 25 cm. |
| 500 ## - GENERAL NOTE | |
| General note | "A Wiley-Interscience publication." |
| 500 ## - GENERAL NOTE | |
| General note | Includes index. |
| 650 #0 - SUBJECT ADDED ENTRY--TOPICAL TERM | |
| Topical term or geographic name as entry element | Civil engineering |
| General subdivision | Dictionaries. |
| 9 (RLIN) | 27600 |
| 650 #0 - SUBJECT ADDED ENTRY--TOPICAL TERM | |
| Topical term or geographic name as entry element | Construction equipment |
| General subdivision | Dictionaries. |
| 9 (RLIN) | 27601 |
| 650 #0 - SUBJECT ADDED ENTRY--TOPICAL TERM | |
| Topical term or geographic name as entry element | Forests and forestry |
| General subdivision | Dictionaries. |
| 9 (RLIN) | 27602 |
| 650 #0 - SUBJECT ADDED ENTRY--TOPICAL TERM | |
| Topical term or geographic name as entry element | Strip mining |
| General subdivision | Dictionaries. |
| 9 (RLIN) | 27603 |
| 650 #0 - SUBJECT ADDED ENTRY--TOPICAL TERM | |
| Topical term or geographic name as entry element | Surveying |
| General subdivision | Dictionaries. |
| 9 (RLIN) | 27604 |
| 653 ## - INDEX TERM--UNCONTROLLED | |
| Resource For college | |
| Arrived date list | October2011 |
| 856 42 - ELECTRONIC LOCATION AND ACCESS | |
| Materials specified | Contributor biographical information |
| Uniform Resource Identifier | <a href="http://www.loc.gov/catdir/bios/wiley042/97001237.html">http://www.loc.gov/catdir/bios/wiley042/97001237.html</a> |
| 856 42 - ELECTRONIC LOCATION AND ACCESS | |
| Materials specified | Publisher description |
| Uniform Resource Identifier | <a href="http://www.loc.gov/catdir/description/wiley033/97001237.html">http://www.loc.gov/catdir/description/wiley033/97001237.html</a> |
| 942 ## - ADDED ENTRY ELEMENTS (KOHA) | |
| Source of classification or shelving scheme | Dewey Decimal Classification |
| Item type | Book - Borrowing |
| Withdrawn status | Item status | Source of classification or shelving scheme | Damaged status | Not for loan | Vendor | Home library | Current library | Shelving location | Date acquired | Source of acquisition | Cost, normal purchase price | Total Checkouts | Full call number | Barcode | Date last seen | Koha item type |
|---|---|---|---|---|---|---|---|---|---|---|---|---|---|---|---|---|
| Dewey Decimal Classification | سور الازبكية | Central Library | Central Library | First floor | 26/10/2011 | 160.00 | 624.03 WIL | 000025502 | 15/07/2025 | Book - Borrowing |